|
|
|
|
| LEADER |
01181cam a2200313Ia 4500 |
| 001 |
9780203186084 |
| 003 |
FlBoTFG |
| 005 |
20091230162920.0 |
| 006 |
a|||||s||||||||||| |
| 007 |
cr|||| |
| 008 |
000831s2001 enk sb 001 0 eng d |
| 020 |
|
|
|a 9780203186084 (e-book : PDF)
|
| 040 |
|
|
|a FlBoTFG
|c FlBoTFG
|d GrThAP
|
| 043 |
|
|
|a ff-----
|a e------
|a aw-----
|
| 090 |
|
|
|a JC89
|b .R87 2001
|
| 092 |
|
|
|a 323.0440937
|b R981
|
| 100 |
1 |
|
|a Rutledge, Steven H.,
|d 1963-
|
| 245 |
1 |
0 |
|a Imperial inquisitions
|h [electronic resource] :
|b prosecutors and informants from Tiberius to Domitian /
|c Steven H. Rutledge.
|
| 260 |
|
|
|a London ;
|a New York :
|b Routledge,
|c 2001.
|
| 300 |
|
|
|a xiii, 416 p.
|
| 504 |
|
|
|a Includes bibliographical references and index.
|
| 530 |
|
|
|a Also available in print edition.
|b CRC Press (http://www.crcpress.com)
|
| 538 |
|
|
|a Mode of access: World Wide Web.
|
| 650 |
|
0 |
|a Political persecution
|z Rome
|x History.
|
| 650 |
|
0 |
|a Informers
|z Rome
|x History.
|
| 651 |
|
0 |
|a Rome
|x Politics and government
|y 30 B.C.-284 A.D.
|
| 655 |
|
7 |
|a Electronic books.
|2 lcsh
|
| 776 |
1 |
|
|z 9780415237000
|
| 856 |
4 |
0 |
|u http://www.tandfebooks.com/isbn/9780203186084
|z Full Text via HEAL-Link
|